Tiere mit O - Statistiken

Allgemein
  • Dieses Quiz wurde 90 mal gespielt
  • Das Durchschnittsergebnis liegt bei 5 aus 10
Antwortstatistiken
Hint Antwort % Korrekt
Säugetier Otter
83%
Säugetier Ochse
74%
Säugetier Orang-Utan
53%
Säugetier Ozelot
51%
Säugetier Okapi
46%
Insekt Ohrenkneifer
43%
Amphibie Olm
30%
Säugetier Orca
28%
Sonstiges Oktopus
26%
Säugetier Opossum
26%
Keine übereinstimmenden Quizze gefunden
Verteilung der Resultate
Anzahl Personen mit jedem Resultat
Perzentil nach korrekt beantworteten Fragen
Ihre Resultats-Entwicklung
Sie haben dieses Quiz noch nicht gespielt